[Event "Werther Schloss op 22nd"]
[Site "Werther"]
[Date "2016.03.18"]
[Round "2"]
[White "Hilverda, Alexander"]
[Black "Henkemeier, Markus"]
[Result "1-0"]
[WhiteElo "2365"]
[BlackElo "2069"]
[PlyCount "57"]
[EventDate "2016.03.17"]
[EventType "swiss"]
[EventRounds "7"]
[EventCountry "GER"]
[SourceTitle "CBM 171 Extra"]
[Source "ChessBase"]
[SourceDate "2016.04.26"]
[SourceVersion "1"]
[SourceVersionDate "2016.04.26"]
[SourceQuality "1"]

1. d4 d5 2. c4 c6 3. Nf3 Nf6 4. Nc3 dxc4 5. a4 Bf5 6. e3 e6 7. Bxc4 Bb4 8. 0-0 0-0 9. Nh4 Bg4 10. f3 Nd5 11. fxg4 Qxh4 12. e4 Nb6 13. Bb3 c5 14. Na2 Nc6 15. Nxb4 cxb4 16. a5 Nd7 17. a6 Rad8 18. axb7 Nf6 19. d5 exd5 20. exd5 Nxg4 21. Bf4 Nb8 22. Rxa7 Qe7 23. d6 Qd7 24. Bg5 Qb5 25. Qxg4 Qc5+ 26. Kh1 Qxa7 27. Bxd8 Qa6 28. Qf4 Qxb7 29. Be7 1-0

[Event "Dortmund Sparkassen op-A"]
[Site "Dortmund"]
[Date "2012.07.22"]
[Round "9"]
[White "Heinert, Eugen"]
[Black "Henkemeier, Markus"]
[Result "1-0"]
[WhiteElo "2172"]
[BlackElo "1950"]
[PlyCount "51"]
[EventDate "2012.07.14"]
[EventType "swiss"]
[EventRounds "9"]
[EventCountry "GER"]
[SourceTitle "CBM 149 Extra"]
[Source "ChessBase"]
[SourceDate "2012.08.24"]
[SourceVersion "1"]
[SourceVersionDate "2012.08.24"]
[SourceQuality "1"]

1. d4 d5 2. Nf3 Nf6 3. c4 c6 4. Nc3 dxc4 5. a4 Bf5 6. e3 e6 7. Bxc4 Bb4 8. 0-0 0-0 9. Nh4 Bg4 10. f3 Nd5 11. fxg4 Qxh4 12. e4 Nxc3 13. bxc3 Bxc3 14. Ra3 Ba5 15. Rh3 Qd8 16. g5 g6 17. Ba3 Re8 18. Rhf3 Qxg5 19. Kh1 b5 20. Rxf7 bxc4 21. Qf3 Na6 22. Rd7 Qh6 23. Qf7+ Kh8 24. Bc1 Rf8 25. Bxh6 Rxf7 26. Rfxf7 1-0

[Event "Dortmund Sparkassen op-A"]
[Site "Dortmund"]
[Date "2011.07.31"]
[Round "9"]
[White "Henkemeier, Markus"]
[Black "Morgenroth, Hubertus"]
[Result "1-0"]
[WhiteElo "1895"]
[BlackElo "1829"]
[PlyCount "39"]
[EventDate "2011.07.23"]
[EventType "swiss"]
[EventRounds "9"]
[EventCountry "GER"]
[SourceTitle "CBM 143 Extra"]
[Source "ChessBase"]
[SourceDate "2011.08.29"]
[SourceVersion "1"]
[SourceVersionDate "2011.08.29"]
[SourceQuality "1"]

1. e4 e5 2. Bc4 Nc6 3. Nc3 Nf6 4. d3 h6 5. f4 Bc5 6. Nf3 d6 7. f5 a6 8. Qe2 0-0 9. Bd2 Bd7 10. 0-0-0 Nd4 11. Nxd4 Bxd4 12. g4 b5 13. Bb3 a5 14. g5 hxg5 15. Bxg5 a4 16. Nd5 Bxf5 17. exf5 axb3 18. Nxf6+ gxf6 19. Bh6 Kh7 20. Qh5 1-0

[Event "Dortmund Sparkassen op-A"]
[Site "Dortmund"]
[Date "2010.07.17"]
[Round "1"]
[White "Henkemeier, Markus"]
[Black "Richter, Gerald"]
[Result "0-1"]
[WhiteElo "1822"]
[BlackElo "2119"]
[PlyCount "58"]
[EventDate "2010.07.17"]
[EventType "swiss"]
[EventRounds "9"]
[EventCountry "GER"]
[SourceTitle "CBM 137 Extra"]
[Source "ChessBase"]
[SourceDate "2010.09.01"]
[SourceVersion "1"]
[SourceVersionDate "2010.09.01"]
[SourceQuality "1"]

1. e4 c5 2. Nc3 Nc6 3. g3 g6 4. Bg2 Bg7 5. d3 e6 6. Be3 d6 7. Qd2 Rb8 8. f4 Nge7 9. Nf3 0-0 10. 0-0 b5 11. g4 f5 12. exf5 gxf5 13. g5 b4 14. Nd1 Nd5 15. Bf2 Qd7 16. d4 c4 17. c3 a5 18. Bg3 Qa7 19. Ne3 bxc3 20. bxc3 Nxc3 21. Qxc3 Nxd4 22. Qd2 Rb2 23. Qd1 Ne2+ 24. Kh1 Qxe3 25. g6 hxg6 26. Re1 Nxg3+ 27. hxg3 Qf2 28. Rg1 Bb7 29. Rc1 Bd5 0-1

[Event "Duesseldorf Nord Cup 8th GrJ"]
[Site "Duesseldorf"]
[Date "2008.08.03"]
[Round "4"]
[White "Bolten, Harald"]
[Black "Henkemeier, Markus"]
[Result "0-1"]
[WhiteElo "1528"]
[BlackElo "1570"]
[PlyCount "84"]
[EventDate "2008.08.01"]
[EventType "tourn"]
[EventRounds "5"]
[EventCountry "GER"]
[SourceTitle "EXT 2020"]
[Source "ChessBase"]
[SourceDate "2019.10.17"]
[SourceVersion "1"]
[SourceVersionDate "2019.10.17"]
[SourceQuality "1"]

1. e4 e5 2. Nf3 Nc6 3. Bc4 d6 4. 0-0 Bg4 5. c3 Nf6 6. Re1 Be7 7. h3 Bh5 8. d4 Bxf3 9. gxf3 0-0 10. Kh2 Nh5 11. Rg1 Nf4 12. Rg4 h5 13. Rxf4 exf4 14. Bxf4 Bg5 15. Bg3 h4 16. f4 hxg3+ 17. fxg3 Bf6 18. Qh5 Ne7 19. Nd2 g6 20. Qg4 Kg7 21. Nf3 d5 22. Bd3 dxe4 23. Bxe4 Qc8 24. f5 Nxf5 25. Ne5 Nd6 26. Qf3 Nxe4 27. Qxe4 Bxe5 28. Qxe5+ Kg8 29. h4 Qf5 30. Qxc7 Qc2+ 31. Kh3 Qxb2 32. Rf1 Qxa2 33. h5 Qe6+ 34. Kh4 Rae8 35. Qxb7 Qe7+ 36. Qxe7 Rxe7 37. h6 Rc7 38. Kg5 Rxc3 39. g4 Rd3 40. Rh1 Rxd4 41. Kf6 Rxg4 42. Ke7 a5 0-1

[Event "Dortmund Sparkassen op-B"]
[Site "Dortmund"]
[Date "2008.07.03"]
[Round "5"]
[White "Bauer, Dieter"]
[Black "Henkemeier, Markus"]
[Result "1-0"]
[WhiteElo "1758"]
[BlackElo "1570"]
[PlyCount "79"]
[EventDate "2008.06.30"]
[EventType "swiss"]
[EventRounds "9"]
[EventCountry "GER"]
[SourceTitle "EXT 2022"]
[Source "ChessBase"]
[SourceDate "2021.10.06"]
[SourceVersion "1"]
[SourceVersionDate "2021.10.06"]
[SourceQuality "1"]

1. c4 Nf6 2. Nc3 g6 3. g3 Bg7 4. Bg2 0-0 5. d3 d6 6. Rb1 c5 7. a3 a5 8. Nf3 Nc6 9. 0-0 Be6 10. Ng5 Qd7 11. Nxe6 Qxe6 12. Bd2 Rab8 13. Nd5 Qd7 14. Nc3 b6 15. Qa4 Nd4 16. Qxd7 Nxd7 17. b4 axb4 18. axb4 Nc2 19. b5 Nd4 20. Rbd1 Nb3 21. Be1 Rfc8 22. Rb1 Nd4 23. Bd2 Rc7 24. e3 Ne6 25. Nd5 Ra7 26. Nxe7+ Kf8 27. Nc6 Ra2 28. Nxb8 Nxb8 29. Rfd1 Nd7 30. f4 Ke7 31. Be1 f5 32. Rd2 Ra7 33. Rc2 Ra3 34. Bf1 h6 35. Bd2 Nf6 36. Bc1 Ra7 37. h3 Nh5 38. Kg2 g5 39. Bb2 Ra2 40. Bf6+ 1-0

[Event "Dortmund Sparkassen op-B"]
[Site "Dortmund"]
[Date "2008.07.02"]
[Round "4"]
[White "Henkemeier, Markus"]
[Black "Coenen, Siegfried"]
[Result "1-0"]
[WhiteElo "1570"]
[BlackElo "1883"]
[PlyCount "93"]
[EventDate "2008.06.30"]
[EventType "swiss"]
[EventRounds "9"]
[EventCountry "GER"]
[SourceTitle "EXT 2022"]
[Source "ChessBase"]
[SourceDate "2021.10.06"]
[SourceVersion "1"]
[SourceVersionDate "2021.10.06"]
[SourceQuality "1"]

1. e4 Nf6 2. d3 e5 3. Nc3 Nc6 4. Be3 d5 5. exd5 Nxd5 6. Nge2 Nxe3 7. fxe3 Bc5 8. Qd2 Qg5 9. Nd1 Bg4 10. e4 Qf6 11. Nec3 Nd4 12. Nd5 Qh4+ 13. Nf2 0-0 14. c3 Ne2 15. Ne3 Bf3 16. gxf3 Nf4 17. 0-0-0 h5 18. d4 exd4 19. cxd4 Bxd4 20. Qxd4 Qxf2 21. Nf5 Qxd4 22. Rxd4 Rfd8 23. Bc4 Rxd4 24. Nxd4 Rd8 25. Rd1 Ng2 26. Nc2 Rxd1+ 27. Kxd1 Kf8 28. Ke2 Ke7 29. Ne1 Nf4+ 30. Ke3 g5 31. Nd3 Ng6 32. f4 g4 33. f5 Nh4 34. Ne1 f6 35. Kf4 Kd6 36. Kg3 Nf3 37. Nxf3 gxf3 38. Kxf3 Ke5 39. Ke3 h4 40. a4 a5 41. b3 c6 42. h3 b6 43. Bg8 b5 44. Be6 b4 45. Bc4 c5 46. Bd5 Kd6 47. Kf4 1-0